Doc-it software : Image acquisition and 1D analysis
Content: Troubleshooting; acquiring and managing image; loading and saving images.
Đã lưu trong:
| 格式: | 圖書 |
|---|---|
| 語言: | Undetermined |
| 出版: |
California
UVP
[2006]
|
| 主題: | |
| 標簽: |
添加標簽
沒有標簽, 成為第一個標記此記錄!
|
| Thư viện lưu trữ: | Trung tâm Học liệu Trường Đại học Cần Thơ |
|---|
| LEADER | 00539nam a2200181Ia 4500 | ||
|---|---|---|---|
| 001 | CTU_192456 | ||
| 008 | 210402s9999 xx 000 0 und d | ||
| 082 | |a 005 | ||
| 082 | |b D636 | ||
| 245 | 0 | |a Doc-it software : | |
| 245 | 0 | |b Image acquisition and 1D analysis | |
| 260 | |a California | ||
| 260 | |b UVP | ||
| 260 | |c [2006] | ||
| 520 | |a Content: Troubleshooting; acquiring and managing image; loading and saving images. | ||
| 650 | |a Computer software | ||
| 904 | |i Tuyến | ||
| 980 | |a Trung tâm Học liệu Trường Đại học Cần Thơ | ||